Statistics for Norris Nuts Family Quiz

Click here to take the quiz!

General Stats

  • This quiz has been taken 429 times
  • The average score is 8 of 8

Answer Stats

HintAnswer% Correct
3rd daughterNaz
99%
1st daughterSabre
99%
1st sonBiggy
98%
2nd sonDisco
98%
2nd daughterSockie
98%
4th daughterCharm
97%
FatherJustin
96%
MotherBrooke
92%

Score Distribution

Percentile by Number Answered

Percent of People with Each Score

Your Score History

You have not taken this quiz